| 000 | 01429njm a2200325 c 4500 | ||
|---|---|---|---|
| 003 | BLK | ||
| 005 | 20180422121524.0 | ||
| 008 | 180410b bul||n||s|||||||| n|bulo| | ||
| 010 | _aCDD00004711000 | ||
| 040 | _aBLK | ||
| 041 |
_aBUL _cBUL |
||
| 080 |
_aАмериканска литература (на САЩ) _b821.111(73) _x-31(086.7) _z821.111(73)-31(086.7) |
||
| 100 | 1 |
_aРанд, Айн _eпърви автор _gРозенбаум, Алиса Зиновиевна _9263604 |
|
| 700 | 1 |
_aПопова, Милена _eпрев. от англ. _9366614 |
|
| 700 | 1 |
_aЛолова, Татяна _eчетец на текст _9354826 |
|
| 139 |
_aРанд, Айн _bР 35 |
||
| 245 | 1 | 0 |
_aХимн [аудио CD] _cАйн Ранд; прев. от англ. Милена Попова; четец на текст Татяна Лолова. |
| 257 | _aUSA | ||
| 260 |
_аСофия _bИзток-Запад _c2010 |
||
| 300 |
_a(1 ч. 59 мин. 50 сек.) _c12 см |
||
| 306 | _bф | ||
| 380 | _aX | ||
| 500 | _aОриг. загл. Anthem / Ayn Rand. - Айн Ранд - псевд. на Алиса Зиновиевна Розенбаум. - Прил. към кн. със същото загл. и сигн. 251356. - Дигитално изд. | ||
| 653 | _aромани | ||
| 852 |
_aЦб CD 2697 _p0 |
||
| 856 | 4 |
_qpdf _u |
|
| 856 | 4 |
_qpdf _u |
|
| 942 |
_cCDD _n0 |
||
| 944 |
_aCR _c25.03.2011 _kЛюдмила_Стоянова |
||
| 944 |
_aED _c03.05.2011 _k |
||
| 999 |
_c222752 _d222752 |
||